ბათუმის შოთა რუსთაველის სახელმწიფო უნივერსიტეტის ბიბლიოთეკა

მარკეტინგის საფუძვლები : (ბიბ.ჩანაწერი № 34833)

000 -ლიდერი
ფიქსირებული სიგრძის საკონტროლო ველი 01616nam a2200241Ia 4500
001 - საკონტროლო ნომერი
საკონტროლო ველი 644
003 - საკონტროლო ნომრის იდენტიფიკატორი
საკონტროლო ველი GE_BSU
005 - ბოლო ოპერაციის თარიღი და დრო
საკონტროლო ველი 20221027170826.0
008 - ფიქსირებული სიგრძის მონაცემთა ელემენტები - ზოგადი ინფორმაცია
ფიქსირებული სიგრძის საკონტროლო ველი 181216s1993||||ge |||||||||||||| ||und||
040 ## - კატალოგიზაციის წყარო
Transcribing agency GE_BSU
041 ## - ენის კოდი
Language code of text/sound track or separate title geo
080 ## - უნივერსალური ათობითი კლასიფიკაციის ინდექსი
Universal Decimal Classification number 339.138(075.8) კ-79
100 ## - მთავარი ჩანაწერი - პიროვნების სახელი
Personal name კოტლერი, ფილიპ
9 (RLIN) 15615
245 ## - ცნობა სათაურის შესახებ
Title მარკეტინგის საფუძვლები :
Remainder of title ნაწ. 1 /
Statement of responsibility, etc ფილიპ კოტლერი ; ა.ი. თეთრაულის საერთო რედ. ; თბილისის ბიზნესისა და მარკეტინგის უმაღლესი სკოლა.
264 ## - წარმოების, გამოცემის, დისტრიბუციის და სხვა ცნობები
გამოცემის, წარმოების, დისტრიბუციის... ადგილი თბილისი :
გამოცემის, წარმოების, დისტრიბუციის... სახელწოდება მაცნე,
გამოცემის, წარმოების, დისტრიბუციის... თარიღი 1993.
300 ## - ფიზიკური აღწერა
Extent 257 გვ.:
Other physical details ილ.;
Dimensions 20 სმ.
500 ## - ზოგადი შენიშვნა
General note ნაშრომში გადმოცემულია მარკეტინგის მთელი კომპლექსი, მისი შემადგენელი ელემენტები, აგრეთვე ნაჩვენებია, თუ როგორ გამოვიყენოთ იგი ამა თუ იმ კონკრეტულ საბაზრო სიტუაციაში.
653 ## - INDEX TERM--UNCONTROLLED
Uncontrolled term მარკეტინგის საფუძვლები
700 ## - ADDED ENTRY--PERSONAL NAME
Personal name თეთრაული, ა.ი.
Relator term რედაქტორი
9 (RLIN) 15616
710 ## - ADDED ENTRY--CORPORATE NAME
Corporate name or jurisdiction name as entry element თბილისის ბიზნესისა და მარკეტინგის უმაღლესი სკოლა.
9 (RLIN) 15617
942 ## - ADDED ENTRY ELEMENTS (KOHA)
Koha item type წიგნი
Source of classification or shelving scheme
ეგზემპლარები
ჩამოწერის სტატუსი დაკარგული ეგზემპლარის სტატუსი კლასიფიკაციის წყარო ან თაროზე გაწყობის სქემა დაზიანების სტატუსი არ გაიცემა მუდმივი მდებარეობა (დაცვის ადგილი) ამჟამინდელი ადგილსამყოფელი თაროზე განთავსების ადგილი შეძენის თარიღი ღირებულება, შესყიდვის ნორმალური ფასი სრული შენახვის შიფრი შტრიხკოდი ბოლო ოპერაციის თარიღი ეგზემპლარის მიმდევრობითი ნომერი (კეტერი?) ფასის ძალაში შესვლის თარიღი ეგზემპლარის სახეობა საჯარო შენიშვნა
          ბათუმის შოთა რუსთაველის სახელმწიფო უნივერსიტეტის მთავარი ბიბლიოთეკა ბათუმის შოთა რუსთაველის სახელმწიფო უნივერსიტეტის მთავარი ბიბლიოთეკა წიგნსაცავი 2018-12-17 6.00 339.138(075.8) კ-79 985 2018-12-17 985 2018-12-17 წიგნი 6 ლ.
          ბათუმის შოთა რუსთაველის სახელმწიფო უნივერსიტეტის მთავარი ბიბლიოთეკა ბათუმის შოთა რუსთაველის სახელმწიფო უნივერსიტეტის მთავარი ბიბლიოთეკა წიგნსაცავი 2022-10-27 6.00 339.138(075.8) კ-79 28804 2022-10-27 28804 2022-10-27 წიგნი 6 ლ.